5-Letter Ends in 'D' Quiz Stats

 Plays Quiz Updated Jan 13, 2016

Challenge
Share
Tweet
Embed
Score 0/24 Timer 04:00
1 Play Today
5-Letter Word % Correct
Aaward
95.9%
Bblond
94.6%
Ggland
91.3%
Kknead
90.9%
Ppound
90.4%
Ccloud
90.2%
Nnomad
89.9%
Hhumid
87.1%
Rrabid
86.8%
Ssalad
86.7%
QQuaid
86.4%
Yyield
86.1%
5-Letter Word % Correct
Wwound
86.1%
Mmoped
86%
IIliad
83.7%
Ddread
83.1%
Ttepid
80.5%
Jjihad
79.5%
Uunwed
74.5%
Ffjord
73.1%
Oovoid
51.3%
Vvapid
50.8%
LLloyd
50.6%
Eeland
34.8%

You're not logged in!

Compare scores with friends on all Sporcle quizzes.
OR
Log In

You Might Also Like...

Show Comments

Extras

Top Quizzes Today


Score Distribution

Your Account Isn't Verified!

In order to create a playlist on Sporcle, you need to verify the email address you used during registration. Go to your Sporcle Settings to finish the process.

Report this User

Report this user for behavior that violates our Community Guidelines.

Details: